|
|
|
|
| LEADER |
01382ppm a22003378a 4500 |
| 001 |
00035081 |
| 005 |
20171026081025.0 |
| 008 |
161115s2016 ||||||viesd |
| 041 |
0 |
# |
|a vie
|
| 082 |
1 |
4 |
|a 516.007
|b Đ312L
|
| 100 |
1 |
# |
|a Nguyễn, Thị Nghĩa
|
| 245 |
0 |
0 |
|a Định lí Cosin trong chương trình phổ thông: Một nghiên cứu theo hướng dạy học tích cực
|b Luận văn thạc sĩ Khoa học giáo dục. Chuyên ngành: Lý luận và Phương pháp dạy học Bộ môn Toán. Mã số: 60140111
|c Nguyễn Thị Nghĩa; Nguyễn Phú Lộc (hướng dẫn)
|
| 260 |
# |
# |
|a Đồng Tháp
|b Đại học Đồng Tháp
|c 2016
|
| 300 |
# |
# |
|a 139 tr.
|
| 500 |
# |
# |
|a ĐTTS ghi: Bộ giáo dục và đào tạo. Trường Đại học Đồng Tháp
|
| 653 |
# |
# |
|a Dạy học
|
| 653 |
# |
# |
|a Cosin
|
| 653 |
# |
# |
|a Hình học
|
| 653 |
# |
# |
|a Trung học phổ thông
|
| 653 |
# |
# |
|a Toán
|
| 653 |
# |
# |
|a Quản lý giáo dục
|
| 653 |
# |
# |
|a Luận văn
|
| 700 |
1 |
# |
|a Nguyễn, Phú Lộc
|e Hướng dẫn
|
| 852 |
# |
# |
|j LV.0000756
|j LV.0001570
|
| 852 |
# |
# |
|b Kho đọc SĐH
|j LV.0000756
|
| 852 |
# |
# |
|b Kho đọc SĐH
|
| 910 |
|
|
|d 15/11/2016
|
| 980 |
# |
# |
|a Trung tâm Học liệu Lê Vũ Hùng, Trường Đại học Đồng Tháp
|